[Event "RSA-ch U10"]
[Site "Bloemfontein"]
[Date "2016.03.22"]
[Round "4"]
[White "Bester, Ethan"]
[Black "Mokgehle, Khayalethu"]
[Result "1-0"]
[WhiteElo "872"]
[BlackElo "1191"]
[PlyCount "45"]
[EventDate "2016.03.20"]
[EventType "swiss"]
[EventRounds "11"]
[EventCountry "RSA"]
[SourceTitle "CBM 171 Extra"]
[Source "ChessBase"]
[SourceDate "2016.04.26"]
[SourceVersion "1"]
[SourceVersionDate "2016.04.26"]
[SourceQuality "1"]

1. e4 e5 2. Nf3 d6 3. d4 Bg4 4. c3 Bxf3 5. Qxf3 exd4 6. cxd4 Be7 7. Bc4 Nf6 8. e5 dxe5 9. dxe5 Bb4+ 10. Nc3 Bxc3+ 11. bxc3 Qe7 12. 0-0 Qxe5 13. Bf4 Qf5 14. Rae1+ Kf8 15. Bd6+ cxd6 16. Qxf5 Nbd7 17. Qf4 Ne5 18. Qd4 Rc8 19. Qxd6+ Kg8 20. Qxe5 Rf8 21. Re3 Ng4 22. Qe8 Nxe3 23. Bxf7# 1-0

[Event "RSA-ch U10"]
[Site "Bloemfontein"]
[Date "2016.03.22"]
[Round "5"]
[White "Mokgehle, Khayalethu"]
[Black "Van Straaten, Matthys"]
[Result "1/2-1/2"]
[WhiteElo "1191"]
[BlackElo "669"]
[PlyCount "80"]
[EventDate "2016.03.20"]
[EventType "swiss"]
[EventRounds "11"]
[EventCountry "RSA"]
[SourceTitle "CBM 171 Extra"]
[Source "ChessBase"]
[SourceDate "2016.04.26"]
[SourceVersion "1"]
[SourceVersionDate "2016.04.26"]
[SourceQuality "1"]

1. e4 e5 2. Nf3 Nc6 3. Bb5 Nf6 4. Bxc6 bxc6 5. Nxe5 Qe7 6. Nf3 Nxe4 7. Qe2 Nf6 8. Qxe7+ Bxe7 9. 0-0 0-0 10. Re1 Bc5 11. d4 Bb4 12. c3 Bd6 13. Bg5 Nh5 14. h3 Ba6 15. Na3 Rfe8 16. Rxe8+ Rxe8 17. Re1 Be2 18. Nc4 Bf4 19. Ncd2 f6 20. Bxf4 Nxf4 21. g3 Nd3 22. Rb1 Bxf3 23. Nxf3 Re2 24. Kf1 Rxb2 25. Rxb2 Nxb2 26. Nd2 Nd1 27. Ne4 d5 28. Ke1 dxe4 29. Kxd1 Kf7 30. Kd2 Ke6 31. Ke3 f5 32. g4 fxg4 33. hxg4 Kd5 34. f4 exf3 35. Kxf3 Ke6 36. Kf4 Kf6 37. g5+ Kf7 38. Kf5 g6+ 39. Ke5 Ke7 40. c4 c5 1/2-1/2